000 00269nam a2200109Ia 4500
008 230302s9999 xx 000 0 und d
082 _a004.67RUB
100 _aRUBY (Sam)
245 _aAgile web Development with rails 4
260 _aNEW DELHI
_bPEARSON
365 _cRS
999 _c155922
_d155922